000 01002nam a2200241 a 4500
005 20140310183524.0
008 111011s19uu xx 00 eng d
010 _a2010022668
020 _a9780415544634
050 _aP 96.P322
_b.H55 2011
100 _aHill, Annette
245 _aParanormal media :
_baudiences, spirits, and magic in popular culture /
_cAnnette Hill.
260 _aLondon ; New York :
_bRoutledge,
_c2011.
300 _ax, 210 p. :
_bill. ;
_c24 cm.
500 _aIncludes bibliographical references (p. 197-205) and index.
520 _aContents: Ordinary and extraordinary -- Spirit histories -- Paranormal in popular culture -- Armchair ghost hunters -- Psychic tourists -- Experiences -- Beyond magic -- The audience is the show -- Transformative acts.
521 _aMC
650 _aParapsychology in mass media
650 _aMass media and culture
_zGreat Britain
650 _aMass media and culture
_zUnited States
942 _cBK
_2lcc
_kFOR
999 _c24463
_d24463